000 01592cam a22003734i 4500
003 PE-LiUPU
005 20250731184118.0
008 150616s r 000 0 d
035 _a(Sirsi) a8042
040 _aPE-LiUPU
_bspa
_cPE-LiUPU
_erda
049 _aPRUA
082 0 4 _a869.568
_bC496a
_223
100 1 _aChauca Arriarán, Pablo Rubén,
_d1923-
_eautor.
245 1 0 _aAbraham Valdelomar, vida y obra :
_ben el centenario de su nacimiento /
_cPablo Rubén Chauca Arriarán.
264 1 _aIca, Perú :
_bEditorial Navarrete,
_c1988.
300 _a279 páginas :
_bIl. ;
_c20 cm.
336 _atext
_2rdacontent
337 _aunmediated
_2rdamedia
338 _avolume
_2rdacarrier
500 _aAbraham Valdelomar (1888- 1919).
505 0 _aEl infante.- A la conquista de Lima.- Un lance de honor.- El político.- El personaje.- De caricaturista a literato.- La herencia valdelomariana.- Poesía.- Cuento.- Novela.- Biografía novelada.- Literatura patriótica.- Teatro.- Ensayo.- Conferencias y didscursos.- Cartas.- Periodismo.- Al encuentro con la muerte.
526 _aP145
526 _aP127
526 _aP97
526 _aP14
526 _aP07
600 1 8 _aValdelomar, Abraham,
_d1888-1919
_xAniversarios, etc.
650 1 8 _aLiteratos
_zPerú
_ySiglo XX
_vBiografía.
_93033
910 _ajck
942 _2ddc
_cBK
_n0
949 _a869.568
_wDEWEY
_c1
_i41680
_lCCODEBUL1
_mBUL
_p00.00
_r0
_sY
_tBOOK
_u19960821
_xEDUCACION
_0COMPRA
_o.STAFF. Colección General
980 _81
_gALBERTO SANCHEZ Responsable de Automatización
999 _c59351
_d59351